Xây dựng quy trình tối ưu về trồng rau mầm cải sạch Báo cáo tổng kết đề tài nghiên cứu khoa học và công nghệ cấp cơ sở. Mã số CS2012.01.34

Kaydedildi:
Detaylı Bibliyografya
Yazar: Võ, Thị Phượng (Chủ nhiệm đề tài)
Materyal Türü: Tez Set Kitap
Dil:Vietnamese
Baskı/Yayın Bilgisi: Đồng Tháp Trường Đại học Đồng Tháp 2013
Konular:
Etiketler: Etiketle
Etiket eklenmemiş, İlk siz ekleyin!
Thư viện lưu trữ: Trung tâm Học liệu Lê Vũ Hùng, Trường Đại học Đồng Tháp
LEADER 01291ppm a22003378a 4500
001 00032425
005 20171026081025.0
008 140903s2013 ||||||viesd
041 0 # |a vie 
082 1 4 |b X126D  |a 635 
100 1 # |a Võ, Thị Phượng  |e Chủ nhiệm đề tài 
245 1 0 |b Báo cáo tổng kết đề tài nghiên cứu khoa học và công nghệ cấp cơ sở. Mã số CS2012.01.34  |c Võ Thị Phượng (chủ nhiệm đề tài)  |a Xây dựng quy trình tối ưu về trồng rau mầm cải sạch 
260 # # |b Trường Đại học Đồng Tháp  |c 2013  |a Đồng Tháp 
300 # # |a 50 tr. +phụ lục  |c 27 cm.  |e 1 bản tóm tắt +1 CD 
500 # # |a ĐTTS ghi: Bộ Giáo dục và Đào tạo. Trường Đại học Đồng Tháp 
653 # # |a Bệnh hại 
653 # # |a Đặc điểm 
653 # # |a Trồng trọt 
653 # # |a Rau mảm 
653 # # |a Quy trình 
852 # # |j KH.0000004 
852 # # |b Kho đọc SĐH  |j KH.0000004 
852 # # |b Kho đọc  |j KH.0000004 
910 # # |d 03/09/2014 
980 # # |a Trung tâm Học liệu Lê Vũ Hùng, Trường Đại học Đồng Tháp